Régimen federal de la Energía Eléctrica /
Guardado en:
| Autor Principal: | |
|---|---|
| Formato: | Libro |
| Idioma: | Spanish |
| Publicado: |
Buenos Aires :
La Ley,
2002.
|
| Materias: | |
| Etiquetas: |
Agregar Etiqueta
Sin Etiquetas, Sea el primero en etiquetar este registro!
|
| LEADER | 00606nam a22001695a 4500 | ||
|---|---|---|---|
| 001 | DER.der013924 | ||
| 008 | 190903s2002####ag############000#0#spa#d | ||
| 005 | 20251218130532.0 | ||
| 245 | 1 | 0 | |a Régimen federal de la Energía Eléctrica / |c con nota de Fernando M. A. Buzzo. |
| 260 | |a Buenos Aires : |b La Ley, |c 2002. | ||
| 300 | |a 562 p. | ||
| 500 | |a Texto actualizado de las normas básicas, complementarias y reglamentarias a noviembre de 2002. | ||
| 020 | |a 9505278489 | ||
| 100 | 1 | |a Buzzo, Fernando M. A. | |
| 650 | 7 | |a DERECHO AMBIENTAL | |
| 650 | 7 | |a ENERGÍA ELÉCTRICA | |
| 859 | |a DERECHO |b BIB. DERECHO |h 338.16 |i REG |p 009083 | ||
